000 00793cam a22002777a 4500
003 CHAP
005 20220329135835.0
008 971013s1969 r 00010 d
010 _a43110
011 _a44082
035 _a48220
040 _cCHAP
082 _a530
_bF7Y
100 0 0 _aFreeman, Ira M.
_943121
245 0 _aFísica simplificada
260 _aMéxico, D.F. :
_bCompañia General de Ediciones,
_c1969.
300 _a118 p.
_b: ilus.
590 _aBATCH-UPD
_b10
_c20130110
_lUCH01
_h1406
590 _aBATCH-UPD
_b10
_c20130410
_lUCH01
_h0855
590 _aBATCH-UPD
_b10
_c20130914
_lUCH01
_h1422
590 _aCONVERSION
_b10
_c20130109
_lUCH01
_h1324
650 1 4 _aFísica.
_941975
901 _aBK
942 _cLIBRO
949 _a530 F7Y
_bBC
_cLIBRO
_d-109367
_eLIBRO
_i48220
_si
999 _c43110
_d43110